000 00481nam a2200181Ia 4500
005 20250508162111.0
008 008 250505s9999 xx 000 0 hin d
037 _aTextual
040 _aFEDL
_beng
_cFEDL
041 _ahin
_2eng
084 _a370.15, SRI
_qFEDL
100 _aSrivastava Premshankar
_9772294
245 0 _aShiksha manovigyan
300 _a426p.
650 _aEducation - Philosophy
942 _cTEXL
_h370.15, SRI
999 _c1374379
_d1374379